Edinburgh's post-war listed buildings (Record no. 112332)

MARC details
000 -LEADER
fixed length control field 00895cad a22002055a 4500
001 - CONTROL NUMBER
control field E153021
008 - FIXED-LENGTH DATA ELEMENTS--GENERAL INFORMATION
fixed length control field 110524s2011 xxk f 000 0 eng d
020 ## - INTERNATIONAL STANDARD BOOK NUMBER
International Standard Book Number 9781849170505
035 ## - SYSTEM CONTROL NUMBER
System control number (Sirsi) u153021
041 0# - LANGUAGE CODE
Language code of text/sound track or separate title eng
110 2# - MAIN ENTRY--CORPORATE NAME
Corporate name or jurisdiction name as entry element Historic Scotland
9 (RLIN) 2914
245 00 - TITLE STATEMENT
Title Edinburgh's post-war listed buildings
Medium [electronic resource]
260 ## - PUBLICATION, DISTRIBUTION, ETC.
Place of publication, distribution, etc. [Edinburgh]
Name of publisher, distributor, etc. Historic Scotland
Date of publication, distribution, etc. 2011
520 ## - SUMMARY, ETC.
Summary, etc. Identifies those post-war buildings in Edinburgh which are listed, and provides a photograph and description of each. Also provides a general background to post-war architecture in the city.
590 ## - LOCAL NOTE (RLIN)
Local note KA
651 #4 - SUBJECT ADDED ENTRY--GEOGRAPHIC NAME
Geographic name Edinburgh
690 ## - LOCAL SUBJECT ADDED ENTRY--TOPICAL TERM (OCLC, RLIN)
Topical term or geographic name as entry element BUILT ENVIRONMENT-BUILDING TYPES-ANCIENT MONUMENTS AND HISTORIC BUILDINGS
856 40 - ELECTRONIC LOCATION AND ACCESS
Uniform Resource Identifier <a href="https://www.historic-scotland.gov.uk/postwarlistedbuildings.pdf">https://www.historic-scotland.gov.uk/postwarlistedbuildings.pdf</a>
Public note View the item free of charge (PDF file) at www.historic-scotland.gov.uk
942 ## - ADDED ENTRY ELEMENTS (KOHA)
Suppress in OPAC 0
Holdings
Withdrawn status Lost status Source of classification or shelving scheme Damaged status Not for loan Home library Current library Shelving location Date acquired Total Checkouts Full call number Barcode Date last seen Copy number Price effective from Koha item type
    Dewey Decimal Classification     Virtual Virtual Online 24/05/2011   ONLINE PUBLICATION 153021-2001 06/08/2019 1 06/08/2019 Book